00407 a2200145 4500001000700000003000400007005001700011008004100028082001400069100002100083245007600104260004700180300001000227700002400237132499OSt20220111115833.0  a531bK67I1 aKleppner, Daniel1 aAn introduction to mechanicscby Daniel Kleppner and Robert J. Kolenkow aNew YorkbCambridge university pressc2011 a546p. aKolenkow, Robert J.